NBA Franchise Points Per Game Leaders - Extreme - Statistics

General Stats
  • This quiz has been taken 85 times
  • The average score is 101 of 150
Answer Stats
Hint Answer % Correct
27.0 PPG Jerry West
99%
25.8 PPG | 26.8 PPG | 27.4 PPG | 29.0 PPG Kevin Durant
99%
26.6 PPG | 26.9 PPG | 27.2 PPG LeBron James
99%
31.5 PPG Michael Jordan
99%
24.6 PPG | 25.2 PPG Damian Lillard
97%
19.6 PPG | 27.0 PPG | 27.2 PPG Shaquille O'Neal
97%
24.7 PPG Stephen Curry
97%
27.6 PPG | 41.5 PPG Wilt Chamberlain
97%
29.6 PPG James Harden
96%
30.4 PPG Kareem Abdul-Jabbar
96%
25.4 PPG Karl Malone
96%
19.8 PPG Kevin Garnett
96%
21.6 PPG | 24.1 PPG | 25.5 PPG | 27.1 PPG Kyrie Irving
96%
22.2 PPG | 24.0 PPG Moses Malone
96%
23.9 PPG Anthony Edwards
95%
24.7 PPG | 24.8 PPG Carmelo Anthony
95%
22.7 PPG Dwyane Wade
95%
22.0 PPG | 28.2 PPG Julius Erving
95%
25.0 PPG Kobe Bryant
95%
24.3 PPG Larry Bird
95%
21.1 PPG David Robinson
93%
21.1 PPG Flynn Robinson
93%
21.1 PPG Glenn Robinson
93%
23.6 PPG Jayson Tatum
93%
28.6 PPG Luka Dončić
93%
27.4 PPG Shai Gilgeous-Alexander
93%
23.2 PPG Truck Robinson
93%
23.0 PPG | 25.0 PPG Paul George
92%
22.8 PPG Patrick Ewing
91%
24.4 PPG Kawhi Leonard
89%
24.1 PPG David Thompson
88%
19.7 PPG | 21.6 PPG | 25.5 PPG DeMar DeRozan
88%
20.7 PPG Dirk Nowitzki
88%
23.4 PPG | 23.6 PPG Vince Carter
88%
23.7 PPG Anthony Davis
87%
20.8 PPG Clyde Drexler
87%
22.7 PPG | 28.1 PPG Tracy McGrady
87%
20.2 PPG Chris Bosh
85%
22.9 PPG Karl-Anthony Towns
85%
25.6 PPG | 27.6 PPG Allen Iverson
84%
22.1 PPG Cade Cunningham
84%
24.4 PPG Devin Booker
84%
24.7 PPG Isaiah Thomas
84%
26.4 PPG Jalen Brunson
84%
22.6 PPG Ja Morant
84%
27.7 PPG Joel Embiid
84%
25.3 PPG Trae Young
84%
23.9 PPG Giannis Antetokounmpo
83%
18.8 PPG Pau Gasol
83%
21.3 PPG Bob Love
81%
23.3 PPG | 23.4 PPG Charles Barkley
81%
26.4 PPG Dominique Wilkins
81%
22.5 PPG Hakeem Olajuwon
80%
21.4 PPG Jalen Rose
80%
21.0 PPG LaMelo Ball
80%
21.8 PPG Paul Pierce
80%
19.5 PPG Tyrese Haliburton
80%
23.9 PPG | 26.2 PPG Donovan Mitchell
79%
25.9 PPG Alex English
77%
24.6 PPG Ray Allen
77%
24.7 PPG Zion Williamson
77%
29.3 PPG Oscar Robertson
75%
26.4 PPG Bob Pettit
73%
26.3 PPG George Gervin
73%
17.5 PPG Kyle Lowry
72%
20.6 PPG Pascal Siakam
72%
27.4 PPG Elgin Baylor
71%
25.0 PPG Gilbert Arenas
71%
23.5 PPG Chris Webber
68%
21.0 PPG Jimmy Butler
68%
21.5 PPG De'Aaron Fox
67%
19.6 PPG Damon Stoudamire
65%
26.7 PPG | 28.2 PPG Bob McAdoo
64%
21.1 PPG CJ McCollum
64%
18.5 PPG Jeren Jackson Jr.
64%
26.5 PPG Bernard King
61%
25.6 PPG | 30.6 PPG Rick Barry
59%
24.2 PPG Zach LaVine
59%
22.4 PPG Paolo Banchero
57%
21.6 PPG Grant Hill
55%
22.5 PPG Victor Wembanyama
55%
21.3 PPG Alonzo Mourning
53%
23.0 PPG Brandon Ingram
52%
25.4 PPG Larry Jones
48%
24.3 PPG | 25.2 PPG Pete Maravich
48%
23.5 PPG Glen Rice
45%
29.6 PPG Adrian Dantley
44%
19.1 PPG Franz Wagner
43%
22.7 PPG Bob Lanier
36%
22.6 PPG Dave Bing
35%
23.3 PPG Mitch Richmond
33%
23.7 PPG Earl Monroe
32%
20.0 PPG Kristaps Porziņģis
32%
19.4 PPG Tyler Herro
32%
25.2 PPG Tiny Archibald
31%
24.6 PPG Mark Aguirre
28%
20.1 PPG Al Jefferson
25%
22.1 PPG Jerry Stackhouse
25%
20.6 PPG Victor Oladipo
25%
23.0 PPG | 23.4 PPG | 29.4 PPG World B. Free
25%
21.3 PPG Kevin Martin
24%
22.0 PPG Lou Hudson
21%
20.8 PPG Shareef Abdur-Rahim
21%
27.6 PPG Walt Bellamy
21%
19.4 PPG Mel Daniels
19%
23.3 PPG Terry Cummings
19%
21.9 PPG Gail Goodrich
17%
23.5 PPG Kiki Vandeweghe
16%
17.9 PPG Rudy Gay
16%
24.9 PPG Spencer Haywood
15%
19.4 PPG Steve Francis
15%
19.6 PPG George McGinnis
13%
21.8 PPG Geoff Petrie
12%
20.6 PPG | 21.5 PPG Jamal Mashburn
12%
24.8 PPG Charlie Scott
11%
20.0 PPG Terry Rozier
9%
20.0 PPG Collin Sexton
7%
20.7 PPG Larry Kenon
5%
22.3 PPG Sidney Wicks
5%
20.6 PPG Tony Campbell
4%
22.7 PPG Terry Dischinger
1%
No matching quizzes found
Score Distribution
Percent of People with Each Score
Percentile by Number Answered
Your Score History
You have not taken this quiz